Taylor Swift - Paroles Suburban Legend - Statistiques

Statistiques générales
  • Ce quiz a été pris 21 fois
  • Le résultat moyen est 232 sur 308
Statistiques - réponses
Hint Réponse % Correct
be
100%
'cause
100%
do
100%
down
100%
I
100%
it
100%
to
100%
too
100%
We
100%
were
100%
Couplet 1 You
100%
you
100%
your
100%
a
91%
In
91%
in
91%
legends
91%
my
91%
polite
91%
suburban
91%
that
91%
That
91%
the
91%
who
91%
And
82%
and
82%
born
82%
heart
82%
knew
82%
life
82%
on
82%
own
82%
pace
82%
when
82%
When
82%
All
73%
always
73%
anymore
73%
block
73%
broke
73%
came
73%
clock
73%
come
73%
didn't
73%
don't
73%
friends
73%
had
73%
here
73%
knock
73%
make
73%
me,
73%
me
73%
of
73%
people
73%
peripheral
73%
ruined
73%
that's
73%
Outro Tick
73%
tock
73%
up
73%
vision
73%
was
73%
whole
73%
would
73%
called
64%
door
64%
forever
64%
get
64%
gonna
64%
kiss
64%
know
64%
national
64%
now
64%
numbers
64%
out
64%
screw
64%
shore
64%
told
64%
unmarked
64%
way
64%
with
64%
back
55%
can
55%
crash
55%
dash
55%
diaries
55%
kissed
55%
life's
55%
like
55%
our
55%
remember
55%
see
55%
star
55%
Waves
55%
1950s
45%
almost
45%
am
45%
ended
45%
fantasy
45%
forgiven
45%
gymnasium
45%
hold
45%
let
45%
more
45%
obnoxious
45%
old
45%
pages
45%
plastic
45%
quickly
45%
reunion
45%
school
45%
signs
45%
still
45%
summer
45%
than
45%
together
45%
treasures
45%
walking
45%
we'd
45%
You'd
45%
at
36%
chapter
36%
class
36%
cool
36%
currency
36%
empty
36%
magnetic
36%
mismatched
36%
pockets
36%
ripped
36%
so
36%
standing
36%
surprise
36%
turning
36%
Flush
27%
holds
27%
hose
27%
maybe
27%
slide
27%
slippery
27%
Aucun quiz correspondant
Distribution des résultats
% des personnes avec chaque résultat
Percentile par nombre de réponses
Votre historique - résultats
Vous n’avez pas pris ce quiz